| 000 | 00667nam a2200205 a 4500 | ||
|---|---|---|---|
| 001 | 001055705 | ||
| 003 | AM-YeHGA | ||
| 005 | 20250617151047.0 | ||
| 008 | 150126s1980 ||| r 000 0 rus d | ||
| 040 | _aAM-YeHGA | ||
| 041 | 0 | _arus | |
| 100 | 1 | _aВинник, Валентин Иванович | |
| 245 | 1 | 0 |
_aМетрологический надзор / _cВ.И. Винник, Б.Г. Артемьев. |
| 260 |
_aМосква : _bИзд-во стандартов, _c1980. |
||
| 300 | _a200 с. | ||
| 504 | _aБиблиогр.: с.198 | ||
| 650 | 1 | 4 | _aМетрология |
| 700 | 1 | _aАртемьев, Борис Григорьевич | |
| 090 | _c345506 | ||
| 999 |
_c343708 _d343708 |
||